Responses for Show #7319 - Thursday, June 9, 2016

Hunter Appler game 2.

Contestants

[<< previous game]

Mark Adams, a health benefits advisor from Johnstown, Pennsylvania

Peggy Szymeczek, a retired civil servant from Gilbert, Arizona

Hunter Appler, an attorney originally from Mount Airy, North Carolina (whose 1-day cash winnings total $24,801)

[next game >>]

Jeopardy! Round responses

PUNNY LITERARY TITLES
(Alex: You have to give us a response that is a pun that's very close to the original work.)
TAKE A LETTER
MINOR ROLES, MAJOR MOTION PICTURE
(Alex: And each film was a nominee for the Oscar as best film in 2015.)
"BEE" MINE
BEVERLY HILLS
A JASON
    $200 16
(Peggy: What is Heart of Darkness?)
...
(Alex: Remember, it's gotta be punny.)
(Peggy: Right.)

Tart of Darkness

HunterPeggy
    $200 8
Lenin

Hunter
    $200 27
The Revenant

Mark
    $200 1
a beeline

Hunter
    $200 4
Rodeo

Hunter
    $200 14
Medea

Hunter
    $400 17
Grime and Punishment

Hunter
    $400 9
Shelley

Hunter
    $400 28
The Martian

Hunter
    $400 2
beefcake

Hunter
    $400 5
Will Rogers

Peggy
    $400 15
Run-D.M.C.

Mark
    $600 18
(Mark: What is Lord of the Fries?)

Lard of the Flies

PeggyMark
    $1,400 10
Joan of Arc

Hunter
    $600 13
(Peggy: What is The Big Short?)

Spotlight

HunterPeggy
    $600 3
beechwood

Mark
    $600 24
[Alex reads "B.H." as "Beverly Hills".]
(Alex: Less than a minute.)

Slash

Hunter
    $600 21
Robert Ludlum

Peggy
    $800 19
Of Human Blondeage

Triple Stumper
    $800 11
Sartre

Hunter
    $800 29
Bridge of Spies

Peggy
    $800 6
a beefalo

Peggy
    $800 25
Morocco

Peggy
    $800 22
Jason Pierre-Paul

Mark
    $1000 20
The Last of the Mojitos

Hunter
    $1000 12
Malcolm X

Mark
    $1000 30
Mad Max: Fury Road

Hunter
    $1000 7
Beelzebub

Mark
    $1000 26
Menendez

Hunter
    $1000 23
Utah

Hunter

Scores at the first commercial break (after clue 15):

Hunter Peggy Mark
$4,400 $600 $3,000

Scores at the end of the Jeopardy! Round:

Hunter Peggy Mark
$10,000 $3,200 $3,400

Double Jeopardy! Round responses

STOCKS
BRITISH HISTORY
11-LETTER WORDS
COWBOY SONGS
ASTRONOMY
WORLD "G"EOGRAPHY
    $400 14
(Peggy: What's an exchange?)

a floor

PeggyMark
    $400 20
Westminster Abbey

Hunter
    $400 6
(Peggy: What's a pesticide?)

insecticide

PeggyMark
    $400 18
the tumbleweeds

Peggy
    $400 2
gravity

Hunter
    $400 1
the Ganges

Hunter
    $800 10
beneficiary

Hunter
    $800 19
Rio Grande

Hunter
    $800 8
(Peggy: What is, um... the Twins?)

Gemini

PeggyMark
    $2,000 4
Guadalcanal

Peggy
    $1200 27
(Peggy: What's a bear?
(Alex: No.)
(Peggy: ...market?)

Dogs of the Dow

Peggy
Triple Stumper
    $1200 23
(Mark: What is farthing?)
(Peggy: What is magenta?)

the Penny Black

PeggyMark
Triple Stumper
    $1200 11
Bloodmobile

Hunter
    $1200 28
(Mark: Who is Roy Rogers?)
[The end-of-round signal sounds.]

Gene Autry

PeggyMark
    $1200 9
an asteroid

Hunter
    $1200 5
Guernsey

Hunter
    $1600 24
[Laughter]
(Alex: Less than--less than a minute to go, Mark.)

an odd lot

Triple Stumper
    $1600 21
Wessex

Mark
    $1600 12
suburbanite

Hunter
    $1600 17
the "Old Chisholm Trail"

Peggy
    $5,000 15
Polaris

Mark
    $1600 26
Grand Banks

Triple Stumper
    $2000 7
Lockheed Martin

Hunter
    $2000 22
(Mark: What are "Old Labour"?)

New Labour

Mark
Triple Stumper
    $2000 13
vivisection

Hunter
    $2000 16
"El Paso"

Mark
    $2000 3
the Pleiades

Peggy
    $2000 25
(Hunter: What is Salzburg?)
(Peggy: What is... I can't.)

Graz

HunterPeggy
Triple Stumper

Scores at the end of the Double Jeopardy! Round:

Hunter Peggy Mark
$20,000 $4,400 $9,200
(lock game)

[wagering suggestions for these scores]

Final Jeopardy! Round responses

19th CENTURY NONFICTION
(Alex: It was made into a very impressive motion picture.)
PeggyWhat is ?
$2,200
MarkWhat is Tom Sawyer?
$42
HunterWhat is Quincy Winston
$200
Twelve Years a Slave

Final scores:

Hunter Peggy Mark
$19,800 $2,200 $9,158
2-day champion: $44,601 3rd place: $1,000 2nd place: $2,000

Game dynamics:

Coryat scores:

Hunter Peggy Mark
$19,200 $3,200 $5,800
28 R
(including 1 DD),
1 W
11 R
(including 1 DD),
8 W
12 R
(including 1 DD),
4 W

Combined Coryat: $28,200

[game clues] [game scores] [suggest correction]

Game tape date: Unknown
The J! Archive is created by fans, for fans. Scraping, republication, monetization, and malicious use prohibited; this site may use cookies and collect identifying information. See terms. The Jeopardy! game show and all elements thereof, including but not limited to copyright and trademark thereto, are the property of Jeopardy Productions, Inc. and are protected under law. This website is not affiliated with, sponsored by, or operated by Jeopardy Productions, Inc. Join the discussion at JBoard.tv.